| 000 | 00737nam a2200253Ia 4500 | ||
|---|---|---|---|
| 003 | OSt | ||
| 005 | 20220926011829.0 | ||
| 006 | a|||||r|||| 00| 0 | ||
| 007 | ta | ||
| 008 | 220923b |||||||| |||| 00| 0 eng d | ||
| 020 | _a0814456448 | ||
| 037 | _cGeneral Book | ||
| 040 |
_aRTL _cRTL _beng |
||
| 041 |
_2eng _aeng |
||
| 082 | _aT4:8.73.N7, M0 | ||
| 100 | _aMillett John D | ||
| 245 | 0 |
_aManagment, governance and leadership _b A guide for |
|
| 260 |
_aNew York _bAMACOM U S A _c1980 |
||
| 300 |
_ax,208p _ccm. |
||
| 490 | _aAmerican Management Association Publication | ||
| 650 |
_aEducation - University _9237429 |
||
| 942 |
_hT4:8.73.N7, M0 _cGB _2CC |
||
| 999 |
_c621079 _d621079 |
||